000 00520nam a22001811a 4500
001 6423
003 OSt
005 20260204212050.0
008 060411s1998||||dr ||||||b||||||||||spa||
050 _aRD 808.51 B181m
100 _aBalaguer, Joaquín
_eautor
245 _aMensajes presidenciales /
_cJoaquín Balaguer
264 _aSanto Domingo : Corripio
300 _a485 paginas :
_c17x25cm
504 _aIncluye referencia bibliográfica e índice
650 _a1.Discurso Público 2.LiteraturaÌ
942 _2ddc
_cBK
999 _c6423
_d6423